<?xml version="1.0" encoding="UTF-8"?>
<record
    xmlns:xsi="http://www.w3.org/2001/XMLSchema-instance"
    xsi:schemaLocation="http://www.loc.gov/MARC21/slim http://www.loc.gov/standards/marcxml/schema/MARC21slim.xsd"
    xmlns="http://www.loc.gov/MARC21/slim">

  <leader>02042nam a22002777a 4500</leader>
  <controlfield tag="008">170902s2015        cl||||| |||| 00| 0 spa d</controlfield>
  <datafield tag="020" ind1=" " ind2=" ">
    <subfield code="a">9789563587043</subfield>
  </datafield>
  <datafield tag="082" ind1=" " ind2=" ">
    <subfield code="a">707</subfield>
    <subfield code="b">F363c</subfield>
  </datafield>
  <datafield tag="100" ind1="1" ind2=" ">
    <subfield code="a">Fern&#xE1;ndez, Leslie.</subfield>
    <subfield code="9">5955</subfield>
  </datafield>
  <datafield tag="245" ind1="1" ind2="0">
    <subfield code="a">Casapoli Residencias :</subfield>
    <subfield code="b">contexto y territorio ciclo 2014 /</subfield>
    <subfield code="c">editado por Leslie Fern&#xE1;ndez y Oscar Concha ; textos por Ignacio Szmulewicz y David Romero ; traducci&#xF3;n por Isidora Ortiz.</subfield>
  </datafield>
  <datafield tag="250" ind1=" " ind2=" ">
    <subfield code="a">1a edici&#xF3;n.</subfield>
  </datafield>
  <datafield tag="260" ind1=" " ind2=" ">
    <subfield code="a">Concepci&#xF3;n, Chile :</subfield>
    <subfield code="b">Casapoli ; Consejo Nacional de la Cultura y las artes,</subfield>
    <subfield code="c">2015.</subfield>
  </datafield>
  <datafield tag="300" ind1=" " ind2=" ">
    <subfield code="a">116 p&#xE1;ginas :</subfield>
    <subfield code="b">ilustraciones en color.</subfield>
  </datafield>
  <datafield tag="505" ind1="0" ind2=" ">
    <subfield code="t">Residencias Casapoli / Residencies at Casapoli.</subfield>
    <subfield code="t">Ritos de paso / Rites of passage</subfield>
    <subfield code="r">Juan Castillo.</subfield>
    <subfield code="t">Proyecto n / N project</subfield>
    <subfield code="r">Rainer Krause.</subfield>
    <subfield code="t">Lo que queda del paisaje / What is left from the landscape</subfield>
    <subfield code="r">Miguel Godoy.</subfield>
    <subfield code="t">Ruta / Route</subfield>
    <subfield code="r">Alejandro Valencia.</subfield>
    <subfield code="t">Tejedora de malezas / Weeds weaver</subfield>
    <subfield code="r">Rosa Valdivia.</subfield>
    <subfield code="t">Manual de oficios para Coliumo / Trades manual for Coliumo</subfield>
    <subfield code="r">Felipe Duart.</subfield>
    <subfield code="t">La olla com&#xFA;n - Proyecto Coliumo / Potluck - Coliumo Project</subfield>
    <subfield code="r">Adolfo Torres.</subfield>
    <subfield code="t">Cuatro ensayos de un fin del mundo / Four essays on and end of the world /</subfield>
    <subfield code="r">Colectivo SE VENDE.</subfield>
    <subfield code="t">Vagando / Wandering</subfield>
    <subfield code="r">Simon Wunderlich.</subfield>
    <subfield code="t">Residentes Permanentes / Permanent Residents.</subfield>
    <subfield code="t">En el mar del sur: residencia para artistas contempor&#xE1;neos en Casapoli / Sea of the south: residencies for contemporary artists at Casapoli</subfield>
    <subfield code="r">Ignacio Szmulewicz.</subfield>
    <subfield code="t">Residencias Casapoli: ejercicios en el linde del arte y el paisaje / Residencies at Casapoli: an exercise between the boundaries of art and landscape</subfield>
    <subfield code="r">David Romero.</subfield>
  </datafield>
  <datafield tag="653" ind1="1" ind2="0">
    <subfield code="a">Arte contempor&#xE1;neo</subfield>
  </datafield>
  <datafield tag="653" ind1="1" ind2="0">
    <subfield code="a">Arte - Chile</subfield>
  </datafield>
  <datafield tag="653" ind1="1" ind2="0">
    <subfield code="a">Residencias art&#xED;sticas</subfield>
  </datafield>
  <datafield tag="653" ind1="1" ind2="0">
    <subfield code="a">Encuentros art&#xED;sticos </subfield>
  </datafield>
  <datafield tag="653" ind1="1" ind2="0">
    <subfield code="a">Investigaci&#xF3;n art&#xED;stica</subfield>
  </datafield>
  <datafield tag="653" ind1="1" ind2="0">
    <subfield code="a">Intercambio art&#xED;stico colaborativo</subfield>
  </datafield>
  <datafield tag="653" ind1="1" ind2="0">
    <subfield code="a">Organizaciones art&#xED;sticas independientes</subfield>
  </datafield>
  <datafield tag="700" ind1="1" ind2=" ">
    <subfield code="a">Concha, Oscar.</subfield>
    <subfield code="9">5956</subfield>
  </datafield>
  <datafield tag="700" ind1="1" ind2=" ">
    <subfield code="a">Szmulewicz, Ignacio.</subfield>
    <subfield code="9">5957</subfield>
  </datafield>
  <datafield tag="700" ind1="1" ind2=" ">
    <subfield code="a">Romero, David.</subfield>
    <subfield code="9">5958</subfield>
  </datafield>
  <datafield tag="700" ind1="1" ind2=" ">
    <subfield code="a">Ortiz, Isidora.</subfield>
    <subfield code="e">traductora.</subfield>
    <subfield code="9">5959</subfield>
  </datafield>
  <datafield tag="999" ind1=" " ind2=" ">
    <subfield code="c">1272</subfield>
    <subfield code="d">1272</subfield>
  </datafield>
  <datafield tag="952" ind1=" " ind2=" ">
    <subfield code="0">0</subfield>
    <subfield code="1">0</subfield>
    <subfield code="2">ddc</subfield>
    <subfield code="4">0</subfield>
    <subfield code="7">0</subfield>
    <subfield code="a">LV</subfield>
    <subfield code="b">LV</subfield>
    <subfield code="c">Monograf&#xED;as</subfield>
    <subfield code="d">2017-09-02</subfield>
    <subfield code="l">0</subfield>
    <subfield code="o">707 F363c</subfield>
    <subfield code="p">004460</subfield>
    <subfield code="r">2017-09-02 00:00:00</subfield>
    <subfield code="w">2017-09-02</subfield>
    <subfield code="y">01</subfield>
  </datafield>
</record>
